LEADER 00913nam1 2200313 450 001 990005875710203316 005 20130725101234.0 035 $a000587571 035 $aUSA01000587571 035 $a(ALEPH)000587571USA01 035 $a000587571 100 $a20130725d--------km-y0itay50------ba 101 0 $aita 102 $aIT 105 $a||||||||001yy 200 1 $aOpere di Mario Rapisardi$fordinate e corrette da esso 210 $aCatania$cGiannotta 215 $avolumi$d19 cm 463 \1$1001990005875590203316$12001 $a<<6:>> <> poesie di Catullo$el'Atlantide, il Leone ed altri versi 676 $a852 700 1$aRAPISARDI,$bMario$0161794 801 0$aIT$bsalbc$gISBD 912 $a990005875710203316 951 $aXV.2.A. 1725 /$cXV.2.A. 959 $aBK 969 $aCUOMO 979 $aPALERMO$b90$c20130725$lUSA01$h1012 996 $aOpere di Mario Rapisardi$91086023 997 $aUNISA LEADER 00852nam0-2200313---450- 001 990008413000403321 005 20061123131122.0 010 $a1-4020-1844-4 035 $a000841300 035 $aFED01000841300 035 $a(Aleph)000841300FED01 035 $a000841300 100 $a20061107d2004----km-y0itay50------ba 101 0 $aeng 102 $aNL 105 $aa---a---001yy 200 1 $aColossal magnetoresistive manganites$fedited by Tapan Chatterji 210 $aDordrecht [etc.]$cKluwer$dc2004 215 $axv, 447 p.$cill.$d25 cm 610 0 $aEccitazione 610 0 $aSolidi 702 1$aChatterji,$bTapan 801 0$aIT$bUNINA$gRICA$2UNIMARC 901 $aBK 912 $a990008413000403321 952 $a32C-075$bD.S.F. 8829$fFI1 959 $aFI1 996 $aColossal magnetoresistive manganites$9726619 997 $aUNINA LEADER 01362nam2-2200397li-450 001 990000110510203316 005 20180312154814.0 010 $a3-540-58859-0 035 $a0011051 035 $aUSA010011051 035 $a(ALEPH)000011051USA01 035 $a0011051 100 $a20001109d1996----km-y0itay0103----ba 101 0 $aeng 102 $aGW 200 1 $aVariational methods$eapplications to nonlinear partial differential equations and Hamiltonian systems$fMichael Struwe 205 $a2nd rev. and subtiantially expanded ed 210 $aBerlin [etc.]$cSpringer-Verlag$dcopyr. 1996 225 2 $aa series of modernsurveys in mathematics$v34 410 0$10010011050$12001$aa series of modernsurveys in mathematics$vErgebnisse der Mathematik und ihrer Grenzgebiete 610 1 $acalcolo delle variazioni 610 1 $aequazioni differenziali non lineari 610 1 $asistemi hamiltoniani 676 $a515.64$9. 700 1$aStruwe,$bMichael$042305 801 $aSistema bibliotecario di Ateneo dell' Università di Salerno$gRICA 912 $a990000110510203316 951 $a515.64 STR$b0007493 959 $aBK 969 $aTEC 979 $c19961025 979 $c20001110$lUSA01$h1711 979 $c20020403$lUSA01$h1618 979 $aPATRY$b90$c20040406$lUSA01$h1608 996 $aVariational methods$982590 997 $aUNISA